| 000 | 00428nam a2200181Ia 4500 | ||
|---|---|---|---|
| 001 | 14805 | ||
| 005 | 20260306164941.0 | ||
| 008 | 260306t2007||||xx |||||||||||||| ||spa|| | ||
| 041 | _aESP | ||
| 082 |
_a519.3 _bT72 |
||
| 100 |
_aTornero Monserrat, Josep _eAUT |
||
| 245 | 0 | _aTécnicas de optimización | |
| 260 | _c2007 | ||
| 300 |
_a277 páginas : _c24 cm. |
||
| 650 | _aGEN | ||
| 654 | _aCMA | ||
| 942 |
_cLIB _dJUS _fJUS _2ddc _n |
||
| 999 |
_c14805 _d14805 |
||